| 000 | 00588nam a2200157 a 4500 | ||
|---|---|---|---|
| 001 | 000039602 | ||
| 005 | 20201002033636.0 | ||
| 008 | 130709s1997 dr a 000 0 spa d | ||
| 040 |
_aDO-SdBNP _bspa _cBNPHU |
||
| 100 | 1 |
_aMendez, Rafael _98437 |
|
| 245 | 1 | 0 |
_aCurso básico de formación cooperativa : _bbase histórica-legal y doctrinaria, los principios cooperativos, reformulación 1995 / _cRafael Mendez. |
| 250 | _a2a ed. | ||
| 260 |
_aSanto Domingo : _bBanco Central de la República Dominicana, _c1997. |
||
| 300 |
_a100 p. ; _c22 cm. |
||
| 500 | _aIncluye notas al pie de las páginas | ||
| 999 |
_c39092 _d39092 |
||